| 000 | 01591nam a2200361 i 4500 | ||
|---|---|---|---|
| 003 | EG-GICUC | ||
| 005 | 20260209103135.0 | ||
| 008 | 260209s1999 ua ||||fr|||| 00| 0 ara d | ||
| 017 | _a99/7685 | ||
| 020 | _a9770305782 | ||
| 040 |
_a EG-GICUC _bara _c EG-GICUC _d EG-GICUC _erda |
||
| 041 | 0 | _aara | |
| 082 | 0 | 4 |
_a343.421 _bإ ي . خ _221 |
| 092 | 0 | 4 | _221 |
| 099 | _aLaw1 10 343.421 إ ي . خ 1 ed - 1999 1006428 | ||
| 100 | 0 |
_aإيمان محمد علي الجابري. _eمؤلف. |
|
| 245 | 1 | 2 |
_aخطورة المخدرات ومواجهتها تشريعيا في جمهورية مصر العربية ودولة الإمارات العربية المتحدة / _cالطالبة إيمان محمد علي الجابري ؛ تحت الأستاذ الدكتور حسن صادق المرصفاوي. |
| 250 | _aالطبعة الأولى، | ||
| 264 | 3 |
_aالإسكندرية، مصر : _bمنشأة المعارف، _c1999. |
|
| 300 |
_a292 صفحة ؛ _c24 سم. _bإيضاحيات، صور، مثيليات ؛ |
||
| 336 |
_2rda content _atext |
||
| 337 |
_2rda media _aComputer |
||
| 338 |
_2rda carrier _aOnline Resource |
||
| 504 | _aيشتمل على إرجاعات ببليوجرافية. | ||
| 546 | _aالنص باللغة العربية | ||
| 650 | 1 | 4 |
_a التشريعات المتعلقة بالمخدرات. _2qrmak |
| 650 | 1 | 4 |
_aالقانون الجنائي. _2qrmak |
| 651 | 1 | _2qrmak | |
| 700 |
_aحسن صادق المرصفاوي. _eمشرف. |
||
| 856 | 4 | 0 | _uhttps://fll.law.cu.edu.eg/fulltext/bks/B10-06428.pdf |
| 905 | _a18 | ||
| 942 |
_2ddc _cBK _e21 _n0 |
||
| 999 |
_c61744 _d61744 |
||